Largest Cities in the Bay Area - Statistics

General Stats
  • This quiz has been taken 50 times
    15 since last reset
  • The average score is 32 of 50
Answer Stats
County Population Answer % Correct
Santa Clara 943.2K San Jose
100%
Alameda 73.5K Alameda
93%
Alameda 223.4K Fremont
93%
Alameda 433.5K Oakland
93%
San Francisco 768K San Francisco
93%
Santa Clara 132.7K Santa Clara
93%
Alameda 115.5K Berkeley
86%
Alameda 67K Dublin
86%
Alameda 71.3K Pleasanton
86%
San Mateo 98.4K San Mateo
86%
Alameda 151K Hayward
79%
San Mateo 79.1K Redwood City
79%
Contra Costa 84K San Ramon
79%
Sonoma 174.4K Santa Rosa
79%
Solano 120.7K Vallejo
79%
San Mateo 96.5K Daly City
71%
Solano 121.4K Fairfield
71%
Alameda 79.6K Livermore
71%
Santa Clara 81.1K Mountain View
71%
Napa 76.3K Napa
71%
Santa Clara 64.2K Palo Alto
71%
Contra Costa 112.7K Richmond
71%
Marin 58.5K San Rafael
71%
San Mateo 61.3K South San Francisco
71%
Santa Clara 149.8K Sunnyvale
71%
Contra Costa 68.5K Walnut Creek
71%
Contra Costa 118.2K Antioch
64%
Contra Costa 120.3K Concord
64%
San Mateo 39.7K San Bruno
64%
Santa Clara 55.4K Cupertino
57%
Contra Costa 42.6K Danville
57%
Contra Costa 35.9K Martinez
57%
Marin 50.8K Novato
57%
Alameda 62.4K Union City
57%
Solano 102.9K Vacaville
57%
Santa Clara 57.5K Gilroy
50%
Santa Clara 75.7K Milpitas
50%
Contra Costa 75.4K Pittsburg
50%
Alameda 82.5K San Leandro
50%
San Mateo 35K Pacifica
43%
Alameda 66.5K Castro Valley
36%
Santa Clara 31.4K Los Gatos
36%
Santa Clara 43.7K Morgan Hill
36%
Sonoma 58.2K Petaluma
36%
Contra Costa 33.3K Pleasant Hill
36%
Sonoma 44.6K Rohnert Park
36%
Contra Costa 65.6K Brentwood
29%
Santa Clara 40.3K Campbell
29%
Alameda 46.5K Newark
21%
Contra Costa 47.3K Oakley
21%
No matching quizzes found
Score Distribution
Percent of People with Each Score
Percentile by Number Answered
Your Score History
You have not taken this quiz since the last reset